Bernardo faz birra (Registo nº 2078)

Detalhes MARC
000 -Etiqueta do registo
Cabeçalho 01002nam a22003131 4500
005 - Identificador da versão
Campo de controlo 20240813121924.0
095 ## -
-- PTBN00806976
010 ## - Número internacional normalizado dos livros (ISBN)
Número (ISBN) 972210991X
021 ## - Número do Depósito Legal
Código do país PT
Número 86903/95
100 ## - Dados gerais de processamento
Dados gerais de processamento 20010417d1995 bc y0pory5003 ba
102 ## - Pais de publicação ou produção
País de publicação Portugal
101 1# - Língua de publicação
Língua do texto, banda sonora, etc. Português
Língua do documento no original Inglês
106 ## - Campo de dados codificados: material textual
Dados codificados do material textual r
105 ## - Campo de dados codificados: livros
Dados codificados dos livros a z 000fy
215 ## - Descrição física 
Indicação específica da natureza do documento e extensão da espécie [30] p.
Outras indicações físicas todo il.
Dimensões 25 cm
200 1# - Titulo e menção de responsabilidade
Título próprio Bernardo faz birra
Primeira menção de responsabilidade Hiawyn Oram
Outras menções de responsabilidade il. Satoshi Kitamura
-- trad. José Luís Luna
210 ## - Publicação, Distribuição, etc. 
Lugar da edição, distribuição, etc. Lisboa
Nome do editor, distribuidor, etc. Caminho
Data da publicação, distribuição, etc. 1995
300 ## - Notas gerais 
Texto da nota Obra vencedora do mais importante prémio inglês de novos ilustradores de livros infantis, "Mother Goose Award", em 1983.
304 ## - Notas relativas a título e menção de responsabilidade 
Texto da nota Tít. orig.: Angry Arthur
606 ## - Nome comum usado como assunto
Número de registo de entrada de autoridade 0000001
Palavra de ordem Literatura estrangeira infantil
Subdivisão de assunto Conto
675 ## - Classificação Decimal Universal (CDU)
Notação 82-34
Edição
Língua da edição por
702 #1 - Nome de autor-pessoa física (responsabilidade secundária)
Número de registo de entrada de autoridade 0000812
Palavra de ordem Luna
Outra parte do nome não tomada para palavra de ordem José Luís
Código de função Tradutor
701 #1 - Nome de autor-pessoa física (co-responsabilidade principal)
Palavra de ordem Kitamura
Outra parte do nome não tomada para palavra de ordem Satoshi
Código de função Ilustrador / Técnico de desenho computorizado
700 #1 - Nome de autor-pessoa física (responsabilidade principal)
Número de registo de entrada de autoridade 0000810
Palavra de ordem Oram
Outra parte do nome não tomada para palavra de ordem Hiawyn
942 ## - Elementos de entrada adicionados (Koha)
Tipo de item no Koha Livro
Exemplares
Situação do levantamento Origin of item (home branch) (coded) Biblioteca de empréstimo Código de barras Cota Circulation type (not for loan) Tipo de documento Nota do exemplar Damaged status
  Biblioteca Escolar da Coca Maravilhas Biblioteca Escolar da Coca Maravilhas BECM5056/01 8EST ORA   Livro Sem mensagem